000 00325nam a22001457a 4500
003 OSt
020 _aNA
040 _c0
082 _222
_a628.3
100 _aArceivala, Soli J.
245 _aWaste water treatment for pollution control /
260 _bMcGraw-Hill,
_cc1986.
300 _a187p. ;
_bill. ;
942 _2ddc
_cCIVIL
999 _c5326
_d5326